00693nam a2200229 a 4500001001300000003000900013005001700022008004100039020002400080082001600104100002800120245003300148260003400181300000900215500003500224505002500259700002800284902000800312942000700320952011900327999001700446nice12345678IN_TiNIC20260116014210.0050524s2005 dela grp 000 0 eng  a8176255556 c120000a297.24bRAF aRafiabadi, Hamid Naseem aSaints and Saviours of Islam aDelhi bSarup and Sons c2005 a344p aincludes index and biblioraphy2 aAppendix 1& 2. Index1 aRafiabadi, Hamid Naseem bSRS cBK 001040708StackRoom-aHMIbHMId2005-05-24g1200.00l0o297.24 RAFp021352r2005-05-24v1200.00w2005-05-24yBK c14290d14290